Thiết kế mẫu và tạo ảnh nghệ thuật bằng hiệu ứng Photoshop

Uloženo v:
Podrobná bibliografie
Médium: Kniha
Jazyk:Undetermined
Vydáno: Hà Nội Lao động - Xã hội 2003
Témata:
Tagy: Přidat tag
Žádné tagy, Buďte první, kdo otaguje tento záznam!
Thư viện lưu trữ: Trung tâm Học liệu Trường Đại học Cần Thơ
LEADER 00587nam a2200181Ia 4500
001 CTU_60497
008 210402s9999 xx 000 0 und d
020 |c 70000 
082 |a 006.68 
082 |b Th308 
245 0 |a Thiết kế mẫu và tạo ảnh nghệ thuật bằng hiệu ứng Photoshop 
245 0 |c Lê Tân, La Yến biên dịch 
260 |a Hà Nội 
260 |b Lao động - Xã hội 
260 |c 2003 
650 |a Photoshop ( computer programs ) 
904 |i Minh,Hải 
980 |a Trung tâm Học liệu Trường Đại học Cần Thơ